00799nam a22002295i 4500001000500000005001700005020001800022040002300040050001100063082000800074100003500082245003100117260004200148300004400190505000800234520019400242521002900436521002100465650002600486700002900512700002800541381420240510135440.0 a9781453064573 aDLCbengerdacDLC a428.6  afic1 aSpyri, Johannad1827-eauthor.10aHeidi /cby Johanna Spyri  aNew York : bDalmatian Press ; c2013 a180 pages : billustrations ;c22 cm .  aM  a"Heidi lives with her grandfather in the Swiss Alps. When she is taken away to the city, she begins to miss the nature and people she left behind in the mountains"--cProvided by publisher. a530 bLexile estimate  aM bRaz-Plus  achilideren vfiction 1 aSayer, Johneillustrator1 aCaprio, Mary eadaptor